000 00916nam a2200301uu 4500
001 200429754
003 TR-AnTOB
005 20240923143118.0
008 170504s2011 tu tur
020 _a9789756355817
040 _aTR-AnTOB
_beng
_cTR-AnTOB
_erda
041 0 _atur
050 0 _aPL217
_bG87 2011
090 _aPL217
_bG87 2011
100 0 _aVasık İlahizade Mehmed Emin,
_d-approximately 1751
_97944
245 1 0 _aVasık İlahizade Mehmed Emin divan /
_cİncinur Atik Gürbüz.
264 _aAnkara:
_bGrafiker Yayınları,
_c2011
300 _a303 sayfa ;
_c20 cm.
336 _2rdacontent
_atext
_btxt
337 _2rdamedia
_aunmediated
_bn
338 _2rdacarrier
_avolume
_bnc
504 _aKaynakça ve dizin var.
650 0 _aTürk şiiri
_y18. yüzyıl
_9120171
700 1 _aGürbüz, İncinur Atik
_9120170
902 _a0037878
942 _2lcc
_cBK
999 _c200429754
_d47680